Logos de marques par lettre - B - Statistiques

Statistiques générales
  • Ce quiz a été pris 68 891 fois
  • Le résultat moyen est 11 sur 16
Statistiques - réponses
Par images Hint Réponse % Correct
Papeterie Bic
99%
Automobile BMW
99%
Restauration Burger King
97%
Électroménager Boulanger
92%
Banque BNP Paribas
85%
Alimentaire Ben & Jerry
84%
Alimentaire Bonne Maman
84%
Télécommunication Bouygues Telecom
83%
Technologie Bose
60%
Automobile Bugatti
59%
Technologie Beats by Dre
56%
Électroménager Bosch
46%
Aéronautique Boeing
44%
Énergie BP
44%
Mode Burberry
39%
Pneumatique Bridgestone
29%
Aucun quiz correspondant
Distribution des résultats
% des personnes avec chaque résultat
Percentile par nombre de réponses
Votre historique - résultats
Vous n’avez pas pris ce quiz